| 000 | 00798nam a2200217 i 4500 | ||
|---|---|---|---|
| 001 | 182495 | ||
| 003 | ES-MaACL | ||
| 005 | 20231026171019.0 | ||
| 008 | 130909s2006 sp | |||| ||spa d | ||
| 020 | _a84-923901-6-6 | ||
| 080 | _a61:061.22(460.27)(091) | ||
| 100 | 1 |
_aGranjel, Luis S. _959645 |
|
| 245 | 1 | 0 |
_aHistoria de la Real Academia Nacional de Medicina de Madrid / _cLuis S. Granjel. |
| 260 |
_aMadrid : _bReal Academia Nacional de Medicina de Madrid, _c2006. |
||
| 300 |
_a394 p. : _bil. ; _c25 cm. |
||
| 610 | 0 | 4 |
_aReal Academia Nacional de Medicina (España) _96344 |
| 852 |
_aES-MaACL _jA-12885 _9189407 _bR.149782 _cDEPO1 _dOlim: N-5885 _xDonación: Real Academia Española |
||
| 914 |
_96336 _aReal Academia Española _ednr |
||
| 942 |
_2udc _cMONOGRAFIA |
||
| 999 |
_c182495 _d182495 |
||